Ročenka regionálneho rozvoja 2021. RRT! regionálny rozvoj teraz /

Guardado en:
Detalles Bibliográficos
Otros Autores: Marcinčin, Anton, 1940- (Compilador), Csabay Jakub (Compilador, Revisador), Duleba Alexander (Revisador), Kahanec Martin (Revisador)
Formato: Libro
Lenguaje:eslovaco
Publicado: Bratislava : Spektrum STU, 2021
Edición:1. vydanie
Materias:
Etiquetas: Agregar Etiqueta
Sin Etiquetas, Sea el primero en etiquetar este registro!

MARC

LEADER 00000nam a22000003a 4500
001 0093621
003 SK-STU
005 20221202123221.4
007 ta
008 220127s ----xo-----e------100-0-----d
020 |a 978-80-227-5169-8 
040 |a STU  |b slo 
041 0 |a slo 
044 |a xo 
245 1 0 |a Ročenka regionálneho rozvoja 2021.  |b RRT! regionálny rozvoj teraz /  |c zost. Anton Marcinčin, Csabay Jakub ; rec. Duleba Alexander, Csabay Jakub, Kahanec Martin 
250 |a 1. vydanie 
260 |a Bratislava :  |b Spektrum STU,  |c 2021 
300 |a 92 s.  |b 400 ks 
650 4 |a regionálny rozvoj 
650 4 |a územné plánovanie miest 
650 4 |a participatívne plánovanie 
650 4 |a financovanie 
700 1 |a Marcinčin, Anton,  |d 1940-  |4 com  |X 3237  |7 A000003237 
700 1 |a Csabay Jakub  |r Z6  |4 com 
700 1 |a Duleba Alexander  |r Z5  |4 rev 
700 1 |a Csabay Jakub  |r Z6  |4 rev 
700 1 |a Kahanec Martin  |r Z5  |4 rev 
996 |b 284AU09455  |c A* 12798/U  |l AAKNST  |s P  |a 0  |w 0093621_0001